000 00345 a2200157 4500
001 194563
020 _a978-85-61167-86-8
040 _cMagnum
100 _aKajalacy, Tata
240 1 0 _aO fuxico de Janaína
_lpor
245 1 0 _aO fuxico de Janaína
300 _a40
362 0 _a2015
697 _aLITERATURA INFANTO-JUVENIL
942 _cBK
999 _c194563
_d194563